Industrial and agricultural impacts on the hydrologic environment : Proceedings of the second USA/C/S joint conference on environment hydrology and hydrogeology
A field experiment was conducted to measure surface accumulation and volatilization of pesticides as related to their physical and chemical properties in the field.
Na minha lista:
| Formato: | Livro |
|---|---|
| Idioma: | Undetermined |
| Publicado em: |
United States
Water Environment Federation
1993
|
| Assuntos: | |
| Tags: |
Adicionar Tag
Sem tags, seja o primeiro a adicionar uma tag!
|
| Thư viện lưu trữ: | Trung tâm Học liệu Trường Đại học Cần Thơ |
|---|
| LEADER | 00855nam a2200193Ia 4500 | ||
|---|---|---|---|
| 001 | CTU_138249 | ||
| 008 | 210402s9999 xx 000 0 und d | ||
| 082 | |a 363.7384 | ||
| 082 | |b I.42 | ||
| 245 | 0 | |a Industrial and agricultural impacts on the hydrologic environment : | |
| 245 | 0 | |b Proceedings of the second USA/C/S joint conference on environment hydrology and hydrogeology | |
| 245 | 0 | |c Yoram Eckstein, Alexander Zaporozec editor | |
| 260 | |a United States | ||
| 260 | |b Water Environment Federation | ||
| 260 | |c 1993 | ||
| 520 | |a A field experiment was conducted to measure surface accumulation and volatilization of pesticides as related to their physical and chemical properties in the field. | ||
| 650 | |a Environmental sciences,Khoa học môi trường | ||
| 904 | |i Tuyến | ||
| 980 | |a Trung tâm Học liệu Trường Đại học Cần Thơ | ||